00000000nam##2200000za#4500
0019.643097
003CaOODSP
00520210624224018
007cr |||||||||||
008150407|2003||||xxc|||||o    f|0| 0 fre|d
040 |aCaOODSP|bfre
043 |an-cn---
0861 |aEn14-151/2003F-PDF
1101 |aCanada. |bEnvironnement Canada.
24510|aRESE - surveiller la biodiversité dans les forêts canadiennes / |h[ressource électronique]|c[publié par] le réseau d'évaluation et de surveillance écologiques.
260 |aOttawa - Ontario : |bEnvironnement Canada |c[2003].
300 |a89p.|bcartes en couleur, figures (certaines en couleur), glossaire, graphiques, références, tableaux, photographies
590 |a14-21-Supp|b2014-12-11
69107|aDiversité biologique|2gcpds
69107|aForêt|2gcpds
77508|tEMAN - monitoring biodiversity in Canadian forests / |w(CaOODSP)9.699052
85640|ahttp://publications.gc.ca|qPDF|s5.84 Mo|uhttps://publications.gc.ca/collections/collection_2014/ec/En14-151-2003-fra.pdf